| 000 | 00454nam a2200133Ia 4500 | ||
|---|---|---|---|
| 008 | 180901s9999 xx 000 0 und d | ||
| 020 | _a9789719804567 | ||
| 100 | _aNocon,Rizaldi C. | ||
| 245 |
_cRizaldi C. Nocon, Ederlina G. Nocon.-- _aEssential mathematics for the modern world / |
||
| 260 |
_aQuezon City : _bC & E Publishing _c2016 |
||
| 300 |
_aix,338 pages : _billustrations ; _c26 cm. |
||
| 650 | _aMathematical statistics. | ||
| 650 | _aMathematics. | ||
| 999 |
_c358461 _d358461 |
||